00657nam a2200193 a 450000100080000000500110000800800410001910000140006024501010007426001250017565000100030065000210031065300250033165300200035670000210037670000220039770000220041970000220044113721672010-04-23 2007 bl uuuu u00u1 u #d1 aCUNHA, K. aDiferença do potencial de óleo extraído das sementes de Fevillea trilobata L. (Curcubitacea). aIn: REUNIÃO NORDESTINA DE BOTÂNICA, 30., Crato. Anais... Crato: Universidade Regional do Cariri, 2007. 1 CD-ROM.c2007 aÓleo aPlanta Medicinal aFevillea trilobata L aMata Atlântica1 aROBRIGUES, S. A.1 aXAVIER FILHOR, L.1 aTUPINAMBÁ, E. A.1 aSANTANA, M. C. de